Targeted benefits in Slovakia

Saved in:
Bibliographic Details
Main Author: Kvapilová, Erika
Format: Book
Language:English
Published: Bratislava Institute for Forecasting SAS 1999
Series:Working papers No. 2
Subjects:
Tags: Add Tag
No Tags, Be the first to tag this record!

MARC

LEADER 00000nam a2200000 4500
001 c110521
005 20221221083728.2
022 |a 0862-9137 
041 0 |a eng 
044 |a SK 
245 1 0 |a Targeted benefits in Slovakia  |c by Erika Kvapilová 
264 1 |a Bratislava  |b Institute for Forecasting SAS  |c 1999 
300 |a 31 s. 
490 1 |a Working papers  |v No. 2 
830 0 |a Working papers  |v No. 2 
610 2 0 |a politika sociálna 
610 2 0 |a zabezpečenie sociálne 
610 2 0 |a dávky sociálne 
610 2 0 |a reformy sociálne 
610 2 0 |a programy sociálne 
610 2 0 |a poistenie sociálne 
610 2 0 |a dôchodky sociálne 
610 2 0 |a domácnosti 
610 2 0 |a rodina 
610 2 0 |a výdavky na potreby sociálne 
610 2 0 |a výdavky verejné 
610 2 0 |a tripartita 
610 2 0 |a transformácia 
610 2 0 |a Slovensko 
100 1 |a Kvapilová, Erika